| 000 | 01007nam a22003257a 4500 | ||
|---|---|---|---|
| 003 | CHAP | ||
| 005 | 20220329140929.0 | ||
| 008 | 971013s1994 r 00010 d | ||
| 010 | _a59950 | ||
| 011 | _a60922 | ||
| 035 | _a65086 | ||
| 040 | _cCHAP | ||
| 082 |
_a632.95 _bG5 1994 |
||
| 245 | _aGlossary of pesticide toxicology and related terms | ||
| 250 | _aRev. ed. | ||
| 260 |
_aFresno, CA. : _bThompson, _c1994 |
||
| 300 | _a74 p. | ||
| 590 |
_aBATCH-UPD _b10 _c20130110 _lUCH01 _h0509 |
||
| 590 |
_aBATCH-UPD _b10 _c20130410 _lUCH01 _h0147 |
||
| 590 |
_aBATCH-UPD _b10 _c20130914 _lUCH01 _h1247 |
||
| 590 |
_aCONVERSION _b10 _c20130109 _lUCH01 _h1332 |
||
| 650 | 1 | 4 |
_aPesticidas _xDiccionarios. _987543 |
| 650 | 1 | 4 |
_aPesticidas _xToxicidad. _987571 |
| 650 | 1 | 4 |
_aToxicologĂa _xDiccionarios. _9114455 |
| 700 | 0 |
_aCutkomp, Laurence K. _930759 |
|
| 700 | 0 |
_aEesa, Naeem. _935740 |
|
| 901 | _aBK | ||
| 942 | _cLIBRO | ||
| 949 |
_a632.95 G5 1994 _bBC _cC _d33724000615233 _eC _gI.179885 _h90372 _i65086 _si _t110.00 |
||
| 999 |
_c59950 _d59950 |
||